|
|
|
|
| LEADER |
00000cam a2200000 7i4500 |
| 001 |
0000035142 |
| 005 |
20130219.0 |
| 008 |
130122 |
| 020 |
|
|
|a 9673220335
|
| 090 |
0 |
0 |
|a 297.1
|b AHM
|
| 100 |
1 |
|
|a Ahmad Bahjat.
|
| 245 |
1 |
0 |
|a Kisah-kisah haiwan dalam al-qur'an
|c Ahmad Bahjat.
|
| 260 |
|
|
|a K.L. :
|b S.A.Majeed&co sdn.bhd
|
| 440 |
|
0 |
|a Siri nur islam.
|
| 650 |
|
0 |
|
| 650 |
|
0 |
|
| 999 |
|
|
|a 0001136097
|b Book
|c Adult Collection
|e Cawangan Segamat
|
| 999 |
|
|
|a 0001136098
|b Book
|c Adult Collection
|e Cawangan Kota Tinggi
|
| 999 |
|
|
|a 0001136099
|b Book
|c Adult Collection
|e Cawangan Segamat
|
| 999 |
|
|
|a 0001136100
|b Book
|c Adult Collection
|e Cawangan Kota Tinggi
|
| 999 |
|
|
|a 0001136101
|b Book
|c Adult Collection
|e Cawangan Segamat
|
| 999 |
|
|
|a 0001153562
|b Book
|c Adult Collection
|e Perbadanan Perpustakaan Awam Johor
|
| 999 |
|
|
|a 0001153563
|b Book
|c Adult Collection
|e Perbadanan Perpustakaan Awam Johor
|
| 999 |
|
|
|a 0001153564
|b Book
|c Adult Collection
|e Perbadanan Perpustakaan Awam Johor
|
| 999 |
|
|
|a 0001153565
|b Book
|c Adult Collection
|e Cawangan Tangkak
|
| 999 |
|
|
|a 0001213848
|b Book
|c Adult Collection
|e Cawangan Tmn. Ungku Tun Aminah
|
| 999 |
|
|
|a 0001213849
|b Book
|c Adult Collection
|e Cawangan Segamat
|
| 999 |
|
|
|a 0001213858
|b Book
|c Adult Collection
|e Cawangan Bukit Gambir
|
| 999 |
|
|
|a 0001213861
|b Book
|c Children Collection
|e Cawangan Mersing
|